[Event "Staufer op 34th"]
[Site "Schwaebisch Gmuend"]
[Date "2024.01.06"]
[Round "9"]
[White "Safarli, Eltaj"]
[Black "Velicka, Petr"]
[Result "1-0"]
[WhiteElo "2604"]
[BlackElo "2369"]
[PlyCount "57"]
[EventDate "2024.01.02"]
[EventType "swiss"]
[EventRounds "9"]
[EventCountry "GER"]
[SourceTitle "CB02_2024"]
[SourceDate "2024.01.10"]
[SourceVersion "1"]
[SourceVersionDate "2024.01.10"]
[SourceQuality "1"]

1. e4 e5 2. Nf3 Nc6 3. Bb5 Nf6 4. 0-0 Nxe4 5. d4 Nd6 6. Ba4 e4 7. Ne5 Be7 8. Nc3 0-0 9. Re1 Bg5 10. Bb3 Bxc1 11. Rxc1 Na5 12. Bd5 c6 13. Nxe4 Nxe4 14. Bxf7+ Rxf7 15. Nxf7 Qe7 16. Nd6 Qxd6 17. Rxe4 b6 18. Re8+ Kf7 19. Qe2 Ba6 20. Qh5+ g6 21. Qxh7+ Kxe8 22. Qg8+ Ke7 23. Re1+ Kf6 24. Qxa8 Bc4 25. Qh8+ Kf7 26. Re8 c5 27. g4 Nc6 28. g5 Ne7 29. Rf8+ 1-0

[Event "Staufer op 34th"]
[Site "Schwaebisch Gmuend"]
[Date "2024.01.05"]
[Round "8"]
[White "Velicka, Petr"]
[Black "Duong, Quang Bach"]
[Result "1-0"]
[WhiteElo "2369"]
[BlackElo "1945"]
[PlyCount "56"]
[EventDate "2024.01.02"]
[EventType "swiss"]
[EventRounds "9"]
[EventCountry "GER"]
[SourceTitle "CB02_2024"]
[SourceDate "2024.01.10"]
[SourceVersion "1"]
[SourceVersionDate "2024.01.10"]
[SourceQuality "1"]

1. d4 d5 2. c4 e6 3. Nf3 Nf6 4. g3 dxc4 5. Bg2 c5 6. 0-0 Nc6 7. Qa4 Bd7 8. Qxc4 b5 9. Qc3 b4 10. Qd3 Rc8 11. Nbd2 cxd4 12. Nxd4 Ne5 13. Qa6 Bc5 14. N2b3 Bb6 15. Bf4 Nc4 16. Rac1 Nxb2 17. Nc6 Rxc6 18. Bxc6 0-0 19. Bxd7 Qxd7 20. Be5 Qa4 21. Qxa4 Nxa4 22. Bd6 Nc3 23. Rc2 Ra8 24. Bxb4 Ncd5 25. Rcc1 Re8 26. Bc5 g6 27. Bxb6 Nxb6 28. Rc7 Ra8 1-0

[Event "Ceske Budejovice op-A"]
[Site "Ceske Budejovice"]
[Date "2023.07.09"]
[Round "9"]
[White "Velicka, Petr"]
[Black "Zima, Jan"]
[Result "1-0"]
[WhiteElo "2370"]
[BlackElo "2199"]
[PlyCount "81"]
[EventDate "2023.07.01"]
[EventType "swiss"]
[EventRounds "9"]
[EventCountry "CZE"]
[SourceTitle "CBM 215 Extra"]
[Source "ChessBase"]
[SourceDate "2023.09.30"]
[SourceVersion "1"]
[SourceVersionDate "2023.09.30"]
[SourceQuality "1"]

1. e4 c5 2. Nf3 d6 3. Bb5+ Bd7 4. Bxd7+ Qxd7 5. c4 Nc6 6. Nc3 g6 7. d4 cxd4 8. Nxd4 Bg7 9. Be3 Nf6 10. f3 0-0 11. 0-0 a6 12. Qd3 Rfc8 13. b3 Rab8 14. Nxc6 Qxc6 15. Rac1 Qe8 16. Ba7 Ra8 17. Bd4 Rab8 18. a4 Nd7 19. Bxg7 Kxg7 20. Rb1 Qd8 21. Kh1 Qa5 22. f4 Nf6 23. Rf3 Qc5 24. Rbf1 Rf8 25. Qe2 e6 26. Rd1 Rbc8 27. Rfd3 Rc6 28. Qf3 Rb6 29. Ne2 Rc8 30. g4 h6 31. Ng3 Rbc6 32. e5 dxe5 33. g5 Ng8 34. fxe5 Rf8 35. gxh6+ Kh7 36. Qf4 Rc7 37. Ne4 Qe7 38. Ng5+ Kh8 39. h7 Nh6 40. Rd7 Rd8 41. Rxd8+ 1-0

[Event "Ceske Budejovice op-A"]
[Site "Ceske Budejovice"]
[Date "2023.07.08"]
[Round "8"]
[White "Lang, Simon"]
[Black "Velicka, Petr"]
[Result "1/2-1/2"]
[WhiteElo "1997"]
[BlackElo "2370"]
[PlyCount "106"]
[EventDate "2023.07.01"]
[EventType "swiss"]
[EventRounds "9"]
[EventCountry "CZE"]
[SourceTitle "CBM 215 Extra"]
[Source "ChessBase"]
[SourceDate "2023.09.30"]
[SourceVersion "1"]
[SourceVersionDate "2023.09.30"]
[SourceQuality "1"]

1. e4 e5 2. Nf3 Nc6 3. Bb5 a6 4. Bxc6 dxc6 5. 0-0 f6 6. d4 exd4 7. Nxd4 c5 8. Nb3 Qxd1 9. Rxd1 Bg4 10. f3 Be6 11. Bf4 c4 12. Nd4 0-0-0 13. Nc3 Bf7 14. Kf2 Ne7 15. Rd2 Ng6 16. Be3 Bb4 17. Nf5 Rxd2+ 18. Bxd2 Rd8 19. Be3 Bf8 20. f4 b6 21. Rd1 Rxd1 22. Nxd1 Ne7 23. Nxe7+ Bxe7 24. Bd4 Kd7 25. Ne3 b5 26. Nf5 Bf8 27. a3 c5 28. Bc3 b4 29. Bd2 c3 30. Bc1 cxb2 31. Bxb2 a5 32. Ke2 Kc6 33. g4 Bc4+ 34. Kd2 Be6 35. h3 h5 36. gxh5 Bxf5 37. exf5 c4 38. axb4 Bxb4+ 39. Ke3 c3 40. Ba1 Kd5 41. Kd3 Kc5 42. Bxc3 Bxc3 43. Kxc3 a4 44. Kb2 Kc4 45. Ka3 Kc3 46. Kxa4 Kxc2 47. Kb5 Kd3 48. Kc6 Ke4 49. Kd6 Kxf5 50. Ke7 Kxf4 51. Kf7 Kg5 52. Kxg7 Kxh5 53. Kxf6 Kh4 1/2-1/2

[Event "AUT-chT2M 2223"]
[Site "Austria"]
[Date "2023.04.15"]
[Round "11.1"]
[White "Tratar, Marko"]
[Black "Velicka, Petr"]
[Result "1/2-1/2"]
[WhiteElo "2409"]
[BlackElo "2366"]
[PlyCount "83"]
[EventDate "2022.09.30"]
[EventType "team-tourn"]
[EventRounds "11"]
[EventCountry "AUT"]
[SourceTitle "EXT 2024"]
[Source "ChessBase"]
[SourceDate "2023.10.10"]
[SourceVersion "1"]
[SourceVersionDate "2023.10.10"]
[SourceQuality "1"]
[WhiteTeam "Frauental"]
[BlackTeam "Steyregg"]
[WhiteTeamCountry "AUT"]
[BlackTeamCountry "AUT"]

1. c4 c6 2. d4 d5 3. e3 Nf6 4. Nc3 a6 5. Nf3 Bf5 6. Qb3 b5 7. c5 a5 8. Ne5 a4 9. Qd1 Ne4 10. Qf3 Qc8 11. Nxd5 cxd5 12. Bxb5+ Kd8 13. Nxf7+ Kc7 14. Nxh8 g5 15. Qe2 Be6 16. f3 Nf6 17. g4 Bg7 18. h4 gxh4 19. Qh2+ Kb7 20. Qxh4 Qxh8 21. g5 Nfd7 22. Bd3 Nc6 23. Bd2 Rb8 24. Rc1 Ka8 25. Bc3 a3 26. bxa3 Nxc5 27. Bc2 Qf8 28. Ke2 Qc8 29. Qxh7 Qa6+ 30. Kf2 Rg8 31. Bb4 Nxd4 32. exd4 Bxd4+ 33. Ke1 Qc8 34. Qh4 Rh8 35. Bh7 Rxh7 36. Qxh7 Nd3+ 37. Kd2 Nxc1 38. Rxc1 Be3+ 39. Kxe3 Qxc1+ 40. Kf2 Qxg5 41. Qxe7 Qxe7 42. Bxe7 1/2-1/2

[Event "AUT-chT2M 2223"]
[Site "Austria"]
[Date "2023.04.14"]
[Round "10.1"]
[White "Velicka, Petr"]
[Black "Dietmayer Kraeutler, Marco"]
[Result "1-0"]
[WhiteElo "2366"]
[BlackElo "2307"]
[PlyCount "87"]
[EventDate "2022.09.30"]
[EventType "team-tourn"]
[EventRounds "11"]
[EventCountry "AUT"]
[SourceTitle "EXT 2024"]
[Source "ChessBase"]
[SourceDate "2023.10.10"]
[SourceVersion "1"]
[SourceVersionDate "2023.10.10"]
[SourceQuality "1"]
[WhiteTeam "Steyregg"]
[BlackTeam "St Veit/Glan"]
[WhiteTeamCountry "AUT"]
[BlackTeamCountry "AUT"]

1. e4 e5 2. Nf3 Nc6 3. Bb5 a6 4. Ba4 Nf6 5. d3 b5 6. Bb3 Bc5 7. 0-0 0-0 8. Nc3 h6 9. Be3 Qe7 10. Nd5 Nxd5 11. Bxd5 Bxe3 12. fxe3 Bb7 13. Qe1 Nd8 14. Qg3 Bxd5 15. exd5 d6 16. e4 c6 17. Nh4 cxd5 18. Nf5 Qg5 19. Qxg5 hxg5 20. exd5 Nb7 21. b4 g6 22. Ne7+ Kg7 23. Nc6 a5 24. a3 f5 25. Rfb1 a4 26. Rc1 Rh8 27. c4 bxc4 28. Rxc4 Kf6 29. h3 Rh7 30. Rac1 Rhh8 31. Kf2 Ra6 32. Ke2 Rb6 33. Na7 Ra6 34. Rc8 Rh7 35. Nb5 Rb6 36. Nc7 e4 37. Rc6 Rxc6 38. dxc6 Nd8 39. Rxd8 Rxc7 40. b5 Ke5 41. dxe4 fxe4 42. b6 Rxc6 43. b7 Rc2+ 44. Kd1 1-0

[Event "AUT-chT2M 2223"]
[Site "Austria"]
[Date "2023.03.03"]
[Round "7.2"]
[White "Velicka, Petr"]
[Black "Renner, Christoph"]
[Result "0-1"]
[WhiteElo "2366"]
[BlackElo "2285"]
[PlyCount "84"]
[EventDate "2022.09.30"]
[EventType "team-tourn"]
[EventRounds "11"]
[EventCountry "AUT"]
[SourceTitle "CBM 213 Extra"]
[Source "ChessBase"]
[SourceDate "2023.05.31"]
[SourceVersion "1"]
[SourceVersionDate "2023.05.31"]
[SourceQuality "1"]
[WhiteTeam "Steyregg"]
[BlackTeam "Sauwald"]
[WhiteTeamCountry "AUT"]
[BlackTeamCountry "AUT"]

1. d4 d5 2. c4 e6 3. Nf3 Nf6 4. g3 Bb4+ 5. Bd2 Bd6 6. Bg2 c6 7. Qc2 0-0 8. 0-0 Ne4 9. Bf4 Bxf4 10. gxf4 b6 11. Nbd2 Nxd2 12. Qxd2 Nd7 13. Rfc1 Bb7 14. cxd5 cxd5 15. Ne5 Nxe5 16. fxe5 Qd7 17. Rc3 Rfc8 18. Rac1 Rxc3 19. Rxc3 Rc8 20. Bf1 Rxc3 21. Qxc3 Ba6 22. a3 h6 23. f4 Qa4 24. Qd2 Qc4 25. Kf2 g6 26. Qc3 Qa4 27. Ke1 Kg7 28. h4 Bc4 29. Kd2 a5 30. b4 axb4 31. Qxb4 Qa7 32. Bg2 b5 33. e3 Qc7 34. Kd1 Qd8 35. h5 Qh4 36. Kc1 Qxh5 37. Qe1 Qh2 38. Bf3 Qa2 39. Qc3 Qf2 40. Bd1 Qg1 41. Kc2 h5 42. Qd2 h4 0-1

[Event "CZE-chT1W 2223"]
[Site "Czech Republic"]
[Date "2023.02.26"]
[Round "9.1"]
[White "Velicka, Petr"]
[Black "Nemec, Jachym"]
[Result "1/2-1/2"]
[WhiteElo "2366"]
[BlackElo "2345"]
[PlyCount "105"]
[EventDate "2022.10.09"]
[EventType "team-tourn"]
[EventRounds "11"]
[EventCountry "CZE"]
[SourceTitle "CBM 213 Extra"]
[Source "ChessBase"]
[SourceDate "2023.05.31"]
[SourceVersion "1"]
[SourceVersionDate "2023.05.31"]
[SourceQuality "1"]
[WhiteTeam "Neratovice"]
[BlackTeam "Ricany Betsys II"]
[WhiteTeamCountry "CZE"]
[BlackTeamCountry "CZE"]

1. e4 c5 2. Nf3 d6 3. Bb5+ Nd7 4. 0-0 a6 5. Bd3 Ngf6 6. c3 b5 7. Re1 c4 8. Bc2 Bb7 9. b3 e6 10. Ba3 Be7 11. d4 cxd3 12. Qxd3 Ne5 13. Nxe5 dxe5 14. Bxe7 Qxd3 15. Bxd3 Kxe7 16. f3 Rhd8 17. Bf1 Bc6 18. a3 g5 19. c4 bxc4 20. Bxc4 g4 21. Nc3 gxf3 22. gxf3 Nh5 23. Nd5+ Bxd5 24. exd5 f6 25. dxe6 Nf4 26. Red1 Rxd1+ 27. Rxd1 Nxe6 28. Rd5 a5 29. Rb5 Nd4 30. Rb7+ Kd6 31. Kf2 a4 32. b4 Rc8 33. Rb6+ Rc6 34. Rxc6+ Kxc6 35. Be2 Kd5 36. Bd1 Nb5 37. Bxa4 Nxa3 38. Bd7 h6 39. b5 Kd6 40. Be8 Nc4 41. Kg3 f5 42. Kh4 e4 43. fxe4 fxe4 44. Bg6 e3 45. Bd3 Kc5 46. Kh5 Kxb5 47. Kxh6 Kc5 48. h4 Kd4 49. Be2 Nd6 50. Kg6 Ke5 51. h5 Nf5 52. h6 Nxh6 53. Kxh6 1/2-1/2

[Event "CZE-chT1W 2223"]
[Site "Czech Republic"]
[Date "2023.02.12"]
[Round "8.2"]
[White "Velicka, Petr"]
[Black "Votava, Jan"]
[Result "1/2-1/2"]
[WhiteElo "2366"]
[BlackElo "2474"]
[PlyCount "70"]
[EventDate "2022.10.09"]
[EventType "team-tourn"]
[EventRounds "11"]
[EventCountry "CZE"]
[SourceTitle "CBM 213 Extra"]
[Source "ChessBase"]
[SourceDate "2023.05.31"]
[SourceVersion "1"]
[SourceVersionDate "2023.05.31"]
[SourceQuality "1"]
[WhiteTeam "Neratovice"]
[BlackTeam "Polabiny II"]
[WhiteTeamCountry "CZE"]
[BlackTeamCountry "CZE"]

1. d4 Nf6 2. c4 e6 3. g3 d5 4. Nf3 Bb4+ 5. Bd2 a5 6. Bg2 dxc4 7. Qc2 Nc6 8. Qxc4 Qd5 9. Qxd5 exd5 10. Nc3 Bf5 11. a3 Bxc3 12. Bxc3 Be4 13. 0-0 a4 14. Rac1 0-0 15. Rfe1 Rfe8 16. Bh3 Bxf3 17. exf3 g6 18. Re3 Na7 19. Bf1 c6 20. Rce1 Rxe3 21. fxe3 Ne8 22. Bb4 Nc7 23. Kf2 Ne6 24. Rc1 Nc8 25. Bd3 Nb6 26. g4 f6 27. h4 Kf7 28. h5 Ng5 29. Rh1 Kg7 30. Bc5 Nd7 31. Bd6 Re8 32. hxg6 hxg6 33. Bf4 Ne6 34. Bd6 Ng5 35. Bf4 Ne6 1/2-1/2

[Event "CZE-chT1E 2223"]
[Site "Czech Republic"]
[Date "2023.01.29"]
[Round "7.5"]
[White "Barski, Radoslaw"]
[Black "Velicka, Petr"]
[Result "1/2-1/2"]
[WhiteElo "2431"]
[BlackElo "2366"]
[PlyCount "101"]
[EventDate "2022.10.08"]
[EventType "team-tourn"]
[EventRounds "11"]
[EventCountry "CZE"]
[SourceTitle "CBM 213 Extra"]
[Source "ChessBase"]
[SourceDate "2023.05.31"]
[SourceVersion "1"]
[SourceVersionDate "2023.05.31"]
[SourceQuality "1"]
[WhiteTeam "Poruba Slavoj II"]
[BlackTeam "Ostrava"]
[WhiteTeamCountry "CZE"]
[BlackTeamCountry "CZE"]

1. e4 c6 2. d4 d5 3. e5 Bf5 4. h4 Qb6 5. a4 a5 6. h5 h6 7. Bd3 Bxd3 8. Qxd3 e6 9. Nf3 Qa6 10. Qe3 Nd7 11. Nc3 Bb4 12. Bd2 Ne7 13. Ne2 Nf5 14. Qf4 Bxd2+ 15. Qxd2 c5 16. c3 b5 17. 0-0 c4 18. g4 Ne7 19. Nh4 Rb8 20. f4 bxa4 21. Rxa4 Qb6 22. Ra2 f6 23. Kg2 0-0 24. Nf3 fxe5 25. fxe5 Rf7 26. Rf2 Rbf8 27. Ra1 Nc6 28. Raf1 Qd8 29. g5 hxg5 30. Nxg5 Rxf2+ 31. Rxf2 Rxf2+ 32. Kxf2 Qe8 33. Nf4 Nf8 34. Qe2 Nd8 35. Kg3 Qa4 36. Qg4 Qa2 37. h6 Qxb2 38. hxg7 Qxc3+ 39. Nf3 Nh7 40. Qg6 Nf7 41. Nxe6 a4 42. Kg4 Qd3 43. Qxd3 cxd3 44. Nc5 a3 45. Nd2 a2 46. Ncb3 Nhg5 47. Kf4 Ne6+ 48. Ke3 Nfd8 49. Kxd3 Nc6 50. Nf3 Kxg7 51. Kc3 1/2-1/2

[Event "Staufer op 33rd"]
[Site "Schwaebisch Gmuend"]
[Date "2023.01.05"]
[Round "7"]
[White "Velicka, Petr"]
[Black "Kersten, Uwe"]
[Result "1-0"]
[WhiteElo "2363"]
[BlackElo "2242"]
[PlyCount "101"]
[EventDate "2023.01.02"]
[EventType "swiss"]
[EventRounds "9"]
[EventCountry "GER"]
[SourceTitle "CBM 212 Extra"]
[Source "ChessBase"]
[SourceDate "2023.03.31"]
[SourceVersion "1"]
[SourceVersionDate "2023.03.31"]
[SourceQuality "1"]

1. Nf3 Nf6 2. c4 c5 3. Nc3 e6 4. g3 b6 5. Bg2 Bb7 6. 0-0 a6 7. Re1 Be7 8. e4 d6 9. d4 cxd4 10. Nxd4 Qc7 11. Be3 0-0 12. f4 Nbd7 13. g4 Nc5 14. Bf2 g6 15. f5 gxf5 16. gxf5 e5 17. Nc2 Rac8 18. Rc1 Ncd7 19. Ne3 Qd8 20. Kh1 Kh8 21. Rg1 b5 22. cxb5 axb5 23. Qe2 b4 24. Ncd5 Rxc1 25. Rxc1 Nxd5 26. Nxd5 Bxd5 27. exd5 Bh4 28. Bg1 Rg8 29. Rc4 Bg5 30. Rxb4 Bf4 31. Rc4 Qh4 32. Rc3 Nf6 33. Qc2 Ng4 34. h3 Nf6 35. Rc8 Nh5 36. Rxg8+ Kxg8 37. Bf2 Bg3 38. f6 Nxf6 39. Bg1 Kg7 40. Qf5 Bf4 41. b4 Qe1 42. b5 h5 43. Qd3 h4 44. Qf1 Qb4 45. Bf2 Nh5 46. Bxh4 Bg3 47. Bg5 Bh4 48. Bxh4 Qxh4 49. Qf3 Qe1+ 50. Kh2 Nf4 51. Qg3+ 1-0

[Event "Staufer op 33rd"]
[Site "Schwaebisch Gmuend"]
[Date "2023.01.02"]
[Round "1"]
[White "Velicka, Petr"]
[Black "Irkilmez, Yakub"]
[Result "1-0"]
[WhiteElo "2363"]
[BlackElo "2136"]
[PlyCount "93"]
[EventDate "2023.01.02"]
[EventType "swiss"]
[EventRounds "9"]
[EventCountry "GER"]
[SourceTitle "CBM 212 Extra"]
[Source "ChessBase"]
[SourceDate "2023.03.31"]
[SourceVersion "1"]
[SourceVersionDate "2023.03.31"]
[SourceQuality "1"]

1. e4 e6 2. d4 d5 3. Nd2 Nf6 4. e5 Nfd7 5. Bd3 c5 6. c3 b5 7. a3 Qb6 8. Ne2 Nc6 9. Nf3 Be7 10. 0-0 0-0 11. Nf4 cxd4 12. cxd4 b4 13. Nh3 f5 14. Bg5 Re8 15. Bxe7 Rxe7 16. Bc2 bxa3 17. bxa3 Ba6 18. Bd3 Bxd3 19. Qxd3 Na5 20. Nd2 Rc8 21. Rfc1 Qb7 22. Rab1 Nb6 23. Rc5 Nac4 24. Nxc4 dxc4 25. Qxc4 Rd8 26. Qb4 Qe4 27. Rcc1 Nd5 28. Qd2 h6 29. f3 Qh4 30. Qf2 Qxf2+ 31. Kxf2 g5 32. Ng1 Nf4 33. Rc4 Red7 34. g3 Nd5 35. Ne2 Nb6 36. Rc6 Kf7 37. Rbc1 Nd5 38. Rb1 Nb6 39. Rb5 Ke7 40. Ra5 Rb8 41. Ra6 Kf7 42. a4 Nd5 43. Rxe6 Rb2 44. Rxh6 Kg8 45. Rhd6 Rxd6 46. exd6 Kf7 47. d7 1-0

[Event "POL-chT 1st League"]
[Site "Sypniewo"]
[Date "2022.09.08"]
[Round "6.3"]
[White "Velicka, Petr"]
[Black "Sernecki, Franciszek"]
[Result "1/2-1/2"]
[WhiteElo "2387"]
[BlackElo "2275"]
[PlyCount "90"]
[EventDate "2022.09.03"]
[EventType "team-swiss"]
[EventRounds "9"]
[EventCountry "POL"]
[SourceTitle "CBM 210 Extra"]
[Source "ChessBase"]
[SourceDate "2022.11.30"]
[SourceVersion "1"]
[SourceVersionDate "2022.11.30"]
[SourceQuality "1"]
[WhiteTeam "Wroclaw Kopernik"]
[BlackTeam "Sedziszow Malopolski"]
[WhiteTeamCountry "POL"]
[BlackTeamCountry "POL"]

1. e4 e6 2. d4 d5 3. Nd2 c5 4. exd5 Qxd5 5. Ngf3 cxd4 6. Bc4 Qd6 7. 0-0 Nf6 8. Nb3 Nc6 9. Nbxd4 Nxd4 10. Nxd4 Be7 11. Bb5+ Bd7 12. Bxd7+ Qxd7 13. Nf3 Qc7 14. Bg5 0-0 15. Qe2 Rac8 16. c3 Nd5 17. Bxe7 Nxe7 18. Rad1 Rfd8 19. g3 h6 20. h4 Qa5 21. a3 Qa4 22. Ne5 Nc6 23. Nxc6 bxc6 24. Rxd8+ Rxd8 25. Rc1 Rd5 26. Rc2 h5 27. Rd2 g6 28. Qe3 a5 29. Rd4 Qc2 30. c4 Rxd4 31. Qxd4 a4 32. c5 Qb1+ 33. Kg2 Qc2 34. Kf3 Qf5+ 35. Ke3 Qc2 36. Qe5 Qd1 37. Qc3 e5 38. Qd2 Qb3+ 39. Ke4 Qc4+ 40. Kxe5 Qxc5+ 41. Ke4 Qf5+ 42. Ke3 Qe5+ 43. Kf3 Qf5+ 44. Kg2 Qe4+ 45. Kg1 Qb1+ 1/2-1/2

[Event "Trnava Reti Memorial GM"]
[Site "Trnava"]
[Date "2022.08.16"]
[Round "7"]
[White "Velicka, Petr"]
[Black "Malinovsky, Karel"]
[Result "1-0"]
[WhiteElo "2379"]
[BlackElo "2461"]
[PlyCount "89"]
[EventDate "2022.08.10"]
[EventType "tourn"]
[EventRounds "9"]
[EventCountry "SVK"]
[EventCategory "6"]
[SourceTitle "CBM 209 Extra"]
[Source "ChessBase"]
[SourceDate "2022.09.30"]
[SourceVersion "1"]
[SourceVersionDate "2022.09.30"]
[SourceQuality "1"]

1. e4 e5 2. Nf3 Nc6 3. Bb5 a6 4. Ba4 Nf6 5. 0-0 Be7 6. Re1 b5 7. Bb3 d6 8. c3 0-0 9. h3 Nb8 10. d4 Nbd7 11. Nbd2 Bb7 12. Bc2 Re8 13. Nf1 Bf8 14. Ng3 g6 15. a4 Bg7 16. Bd3 d5 17. exd5 exd4 18. Rxe8+ Qxe8 19. Nxd4 Bxd5 20. axb5 axb5 21. Be3 c6 22. Bf1 Ne5 23. b3 h5 24. Rxa8 Qxa8 25. Bf4 Ned7 26. c4 bxc4 27. bxc4 c5 28. Ndf5 Be6 29. Nxg7 Kxg7 30. Qc1 Ne4 31. Qb2+ f6 32. Qe2 f5 33. f3 g5 34. fxe4 gxf4 35. Nxh5+ Kf7 36. exf5 Bxf5 37. Nxf4 Nf6 38. Qe5 Qc8 39. Bd3 Bxd3 40. Nxd3 Nd7 41. Qf5+ Ke7 42. Ne5 Nb6 43. Ng6+ Kd6 44. Qe5+ Kd7 45. Qe7+ 1-0

[Event "Trnava Reti Memorial GM"]
[Site "Trnava"]
[Date "2022.08.14"]
[Round "5"]
[White "Velicka, Petr"]
[Black "Sahidi, Samir"]
[Result "1/2-1/2"]
[WhiteElo "2379"]
[BlackElo "2477"]
[PlyCount "150"]
[EventDate "2022.08.10"]
[EventType "tourn"]
[EventRounds "9"]
[EventCountry "SVK"]
[EventCategory "6"]
[SourceTitle "CBM 209 Extra"]
[Source "ChessBase"]
[SourceDate "2022.09.30"]
[SourceVersion "1"]
[SourceVersionDate "2022.09.30"]
[SourceQuality "1"]

1. e4 c5 2. Nf3 Nc6 3. Bb5 g6 4. 0-0 Bg7 5. Re1 e5 6. b4 Nxb4 7. Bb2 a6 8. a3 Nc6 9. Bxc6 dxc6 10. Nxe5 Nf6 11. Nf3 c4 12. d4 0-0 13. Ne5 Be6 14. Nd2 Nh5 15. Ndxc4 f6 16. d5 fxe5 17. dxe6 Qf6 18. Bxe5 Qxf2+ 19. Kh1 Nf4 20. Bxf4 Qxf4 21. e7 Rfe8 22. Nb6 Rab8 23. Nd7 Rbc8 24. e5 Rxe7 25. Rb1 b5 26. Qd6 Rce8 27. Qxc6 Bxe5 28. Nxe5 Rxe5 29. Qxe8+ Rxe8 30. Rxe8+ Kg7 31. Re7+ Kh6 32. Ree1 Kg5 33. Rec1 Qc4 34. Ra1 Kf4 35. c3 Qa4 36. Re1 h5 37. Re6 Kg5 38. Rc6 Kh6 39. Rd6 a5 40. Rdd1 Qb3 41. a4 bxa4 42. Rd2 Qxc3 43. Rda2 Qe5 44. Rxa4 Qd6 45. Rxa5 Qf4 46. R5a4 Qe5 47. h4 Qf6 48. R1a2 Qe5 49. Ra1 Qf6 50. Re1 Qd6 51. Rf1 Qe5 52. Raf4 Qe7 53. R1f2 Qd8 54. Kh2 Qd6 55. g3 Qe5 56. Rf7 Qd4 57. Re2 Qc4 58. Ree7 Qc2+ 59. Kh3 Qc8+ 60. Rd7 Qh8 61. Rc7 Qg8 62. Kh2 Qh8 63. Rb7 Qg8 64. Ra7 Qh8 65. Rfb7 Qg8 66. Kg1 Qh8 67. Rd7 Qg8 68. Rf7 Qh8 69. Rae7 Qd4+ 70. Kg2 Qb2+ 71. Rf2 Qb8 72. Re6 Qb7+ 73. Kh2 Qc8 74. Rff6 Qc2+ 75. Kh3 Qb1 1/2-1/2

[Event "Ceske Budejovice op-A"]
[Site "Ceske Budejovice"]
[Date "2022.07.04"]
[Round "4"]
[White "Mai, Alexander Oliver"]
[Black "Velicka, Petr"]
[Result "1/2-1/2"]
[WhiteElo "2159"]
[BlackElo "2384"]
[PlyCount "76"]
[EventDate "2022.07.01"]
[EventType "swiss"]
[EventRounds "9"]
[EventCountry "CZE"]
[SourceTitle "CBM 209 Extra"]
[Source "ChessBase"]
[SourceDate "2022.09.30"]
[SourceVersion "1"]
[SourceVersionDate "2022.09.30"]
[SourceQuality "1"]

1. e4 c6 2. d4 d5 3. Nd2 dxe4 4. Nxe4 Bf5 5. Ng3 Bg6 6. h4 h6 7. Nf3 e6 8. Ne5 Bh7 9. Bd3 Bxd3 10. Qxd3 Nd7 11. f4 Bb4+ 12. c3 Be7 13. Bd2 Ngf6 14. 0-0-0 c5 15. Nxd7 Qxd7 16. Be3 cxd4 17. Bxd4 0-0 18. Bxf6 Qxd3 19. Rxd3 Bxf6 20. Ne4 Rfd8 21. Nxf6+ gxf6 22. Rhd1 Rxd3 23. Rxd3 f5 24. Rd7 b5 25. Kc2 Kf8 26. Kb3 Ke8 27. Rd2 Rd8 28. Re2 Kd7 29. Re3 Rg8 30. g3 Kc6 31. c4 Rd8 32. cxb5+ Kxb5 33. a4+ Kb6 34. Ka3 a5 35. Rb3+ Ka6 36. Rc3 Kb6 37. Rb3+ Ka6 38. Rc3 Kb6 1/2-1/2

[Event "Oberliga Wuerttemberg 2122"]
[Site "Wuerttemberg"]
[Date "2022.04.24"]
[Round "5.1"]
[White "Deuer, Marius"]
[Black "Velicka, Petr"]
[Result "1/2-1/2"]
[WhiteElo "2206"]
[BlackElo "2393"]
[PlyCount "89"]
[EventDate "2021.09.19"]
[EventType "team-tourn"]
[EventRounds "9"]
[EventCountry "GER"]
[SourceTitle "EXT 2023"]
[Source "ChessBase"]
[SourceDate "2022.10.05"]
[SourceVersion "1"]
[SourceVersionDate "2022.10.05"]
[SourceQuality "1"]
[WhiteTeam "Biberach"]
[BlackTeam "Schwaebisch Gmuend"]
[WhiteTeamCountry "GER"]
[BlackTeamCountry "GER"]

1. d4 d5 2. c4 c6 3. Nf3 Nf6 4. Qb3 e6 5. g3 Be7 6. Bg2 0-0 7. 0-0 Nbd7 8. Bf4 Ne4 9. Nc3 f5 10. Ne5 Nxe5 11. dxe5 Kh8 12. Rad1 Qb6 13. Qc2 Nxc3 14. Qxc3 Qb4 15. Qc2 Qxc4 16. Qxc4 dxc4 17. Rd4 Rd8 18. Rxc4 Bd7 19. Rc3 Be8 20. Rb3 b6 21. Be3 Rab8 22. Rc1 c5 23. f4 Kg8 24. h3 a5 25. g4 g6 26. Bf3 Ba4 27. Rbc3 Rbc8 28. a3 Bc6 29. Bxc6 Rxc6 30. b4 axb4 31. axb4 Rdc8 32. Kg2 Kf7 33. bxc5 Bxc5 34. Bxc5 Rxc5 35. Rxc5 Rxc5 36. Ra1 Rc7 37. Rb1 Rb7 38. Kf3 b5 39. e4 b4 40. Rb3 fxg4+ 41. Kxg4 Rb5 42. Kg5 Kg7 43. h4 h5 44. Rd3 Rb7 45. Rb3 1/2-1/2

[Event "CZE-chT 2122"]
[Site "Czech Republic"]
[Date "2022.01.30"]
[Round "8.5"]
[White "Velicka, Petr"]
[Black "Rabatin, Jakub"]
[Result "1/2-1/2"]
[WhiteElo "2398"]
[BlackElo "2337"]
[PlyCount "88"]
[EventDate "2021.10.15"]
[EventType "team-tourn"]
[EventRounds "15"]
[EventCountry "CZE"]
[SourceTitle "EXT 2023"]
[Source "ChessBase"]
[SourceDate "2022.10.05"]
[SourceVersion "1"]
[SourceVersionDate "2022.10.05"]
[SourceQuality "1"]
[WhiteTeam "Ostrava Labortech"]
[BlackTeam "Frydek Mistek II"]
[WhiteTeamCountry "CZE"]
[BlackTeamCountry "CZE"]

1. e4 c5 2. Nf3 d6 3. Bb5+ Nd7 4. 0-0 a6 5. Bd3 Ngf6 6. c3 b5 7. Bc2 Bb7 8. d3 e6 9. Re1 Be7 10. Nbd2 0-0 11. Nf1 Qc7 12. Ng3 Ne5 13. h3 Rac8 14. Nh2 d5 15. Ng4 Nfxg4 16. hxg4 dxe4 17. dxe4 Rfd8 18. Qe2 c4 19. Bf4 Bd6 20. Red1 Nf3+ 21. Qxf3 Bxf4 22. Ne2 Bg5 23. Nd4 g6 24. Qe2 e5 25. Nf3 Be7 26. Nh2 Rxd1+ 27. Rxd1 Rd8 28. Nf1 Rxd1 29. Qxd1 Bc5 30. Qd2 Qb6 31. a3 Bc8 32. g5 Qd6 33. Qxd6 Bxd6 34. Nh2 h6 35. gxh6 Bf8 36. Nf1 Bxh6 37. Ne3 Kg7 38. a4 Be6 39. axb5 axb5 40. Kf1 Bxe3 41. fxe3 Kh6 42. Kf2 Kg5 43. Kg3 f6 44. Bd1 Bd7 1/2-1/2